Представление документа в формате MARC21

Поле Инд. ПП Название Значение
Тип записи a
Библиографический уровень m
001 Контрольный номер b5aecfd8efd24fc9bc7a704f0e4bc714
005 Дата корректировки 20200720113303.3
020 a ISBN 978-5-91476-076-9
040 a Служба первич. каталог. НБ ТвГУ
b Код языка каталог. rus
e Правила каталог. PSBO
041 0_ a Код языка текста rus
h Код языка оригинала rus
080 a Индекс УДК 821.161.1.09-141
080 a Индекс УДК 271.22-282
084 a Индекс другой классификации/Индекс ББК Ш33(2=411.2)4-40
084 a Индекс другой классификации/Индекс ББК Э372.24-503.1
090 x Авторский знак П 40
a Полочн. индекс Ш33(2=411.2)
097 b Оператор Polyakova.IM
100 1_ a Автор Плюханова Мария Борисовна
e Роль лиц Автор
245 11 a Заглавие "Кипение света"
b Продолж. заглавия Русские Одигитрии в литургической поэзии и в истории
c Ответственность М. Б. Плюханова ; Институт русской литературы (Пушкинский Дом) РАН, Российский гуманитарный научный фонд
260 c Дата издания 2016
a Место издания Санкт-Петербург
b Издательство Пушкинский Дом
300 a Объем 602 с., [12] л. ил.
b Иллюстрации/ тип воспроизводства ил.
520 0_ a Аннотация В монографии рассматриваются произведения литургической поэзии и гомилетики, посвященные Богоматери, перешедшие в древнерусскую книжность или созданные начиная с последней четверти XIV в. В центре исследования — процесс развития церковных служб чудотворным богородичным иконам. Богородичная словесность рассматривается как определяющая новые идеи, ценности, общественные эмоциональные состояния на Руси. Выделяется значение Одигитрии-Наставницы. Особенности богородичной словесности, прежде всего световая символика, находят параллели в иконописи XV в. — у Дионисия и его школы. В историческом плане символизм Одигитрии и связанных с ней культов чудотворных икон использовался в XV—XVI вв. для консолидации сил сопротивления «агарянам», а также для политической борьбы. Специфика русских форм чествования Богоматери и ее икон проясняется в сопоставлении с богородичными культами, возросшими на итальянской земле в XV в., в период гибели Византийской империи. Монография адресована филологам, историкам, искусствоведам.
653 0_ a Ключевые слова Литературоведение
a Ключевые слова История древнерусской литературы
a Ключевые слова Древнерусская литература
a Ключевые слова Литература Древней Руси
a Ключевые слова Религиозная литературы
a Ключевые слова Русская религиозная литература
a Ключевые слова Литургическая литература
a Ключевые слова Литургическая поэзия
a Ключевые слова Одигитрии
a Ключевые слова Богородичная литература
a Ключевые слова Богородица
700 12 a Другие авторы Наумов А. Е.
e Роль лиц Рецензент
700 12 a Другие авторы Семячко Светлана Алексеевна
e Роль лиц Рецензент
710 12 a Организация/ юрисдикция Институт русской литературы (Пушкинский Дом) РАН
710 12 a Организация/ юрисдикция Российский гуманитарный научный фонд
901 t Тип документа m
920 a Оператор Поля
a Оператор МПоля
a Оператор Рунт
a Оператор Стро
930 a Новая/Ретро новая
952 c Вид литературы К рн
954 b Дата поступления в ОК 20200226
a Дата поступления на обработку 20200325
c Дата окончания ОНО 20200720